Signalisation routière européenne - Pays <-> Panneau - Statistiques

Statistiques générales
  • Ce quiz a été pris 75 fois
  • Le résultat moyen est 14 sur 30
Statistiques - réponses
Question Tuile Select % Correct
France Oui
90%
Moldavie Non
83%
Allemagne Non
69%
Italie Oui
69%
Italie Non
64%
France Non
64%
Italie Non
62%
Islande Non
62%
Allemagne Oui
55%
Pologne Non
55%
France Non
53%
Irlande Non
52%
Pologne Non
52%
Royaume-Uni Non
50%
Moldavie Oui
48%
Allemagne Non
47%
Irlande Non
43%
Pologne Oui
41%
Ukraine Non
41%
Serbie Non
41%
Irlande Oui
34%
Moldavie Non
34%
Royaume-Uni Non
34%
Serbie Non
33%
Royaume-Uni Oui
31%
Islande Oui
28%
Ukraine Oui
28%
Serbie Oui
26%
Islande Non
22%
Ukraine Non
19%
Aucun quiz correspondant
Distribution des résultats
% des personnes avec chaque résultat
Percentile par nombre de réponses
Votre historique - résultats
Vous n’avez pas pris ce quiz